000 00854nam a2200241 i 4500
001 118039
003 ES-MaACL
005 20240517195739.0
007 t|
008 070214s1919 sp r ||||1| spa d
100 1 _aPereyra, Carlos,
_d1871-1942
_990541
245 1 0 _aRosas y Thiers
_b: la diplomacia europea en el Río de la Plata (1838-1850) /
_cCarlos Pereyra.
260 _aMadrid :
_bJuan Pueyo,
_c1919.
300 _a251 p. ;
_c19 cm.
490 1 _aBiblioteca de la juventud hispano-americana ;
_v15
600 1 4 _aRosas, Juan Manuel de,
_d1793-1877
_999653
651 4 _aFrancia-
_xRelaciones-
_zArgentina.
_9153091
651 4 _aArgentina-
_xRelaciones-
_zFrancia.
_9153090
830 0 _aBiblioteca de la juventud hispano-americana ;
_v15
_9186411
852 _aES-MaACL
_jF-10536
852 _aES-MaACL
_jF-8457
999 _c118039
_d118039